000 00845nam a22002417a 4500
005 20140903174959.0
008 131204s2012 enk frn 001 0 eng c
020 _a0415696100
020 _a9780415696104
040 _aCO-BoUCM
_bspa
_cAngélica Rojas
_dAldemar Mondragón
041 0 0 _aeng
100 1 _aYardley, Tom
_952110
245 1 0 _aWhy we take drugs seeking excess and communion in the modern world
_cTom Yardley
260 _aLondon (Inglaterra)
_aNew York (Estados Unidos)
_bRoutledge
_c2012
300 _a167 páginas
504 _aIncluye referencias bibliográficas e índices
650 7 _aAbuso de drogas
_98283
650 7 _aAbuso de substancias
_98289
650 7 _aNarcotráfico
_920085
690 _942900
_aProblemas sociales
942 _a6
_cLIBRO
_e1
_mY27w
_2DEWEY
_h363.29
999 _c182949
_d182949